000
00182nam a2200085Ia 4500
008
170619s9999 xx 000 0 und d
100
_a
Bhatt N D
245
0
_a
Machine Drawing
260
_c
1980
546
_a
ENGLISH
999
_c
18128
_d
18128